Gandhi the Man (Record no. 56197)

MARC details
000 -LEADER
fixed length control field 00391nam a2200169Ia 4500
008 - FIXED-LENGTH DATA ELEMENTS--GENERAL INFORMATION
fixed length control field 230524s9999 xx 000 0 und d
020 ## - INTERNATIONAL STANDARD BOOK NUMBER
ISBN 8172245173
082 ## - DEWEY DECIMAL CLASSIFICATION NUMBER
Item number EAS
100 ## - MAIN ENTRY--AUTHOR NAME
Personal name Eknath Easwaran
245 #0 - TITLE STATEMENT
Title Gandhi the Man
250 ## - EDITION STATEMENT
Edition statement 1
260 ## - PUBLICATION, DISTRIBUTION, ETC. (IMPRINT)
Place of publication Mumbai
Name of publisher Jaico
Year of publication 2015
300 ## - PHYSICAL DESCRIPTION
Number of Pages 213p;
500 ## - GENERAL NOTE
General note Quantity Number: 1
650 ## - SUBJECT ADDED ENTRY--TOPICAL TERM
Topical Term Misalliance
942 ## - ADDED ENTRY ELEMENTS (KOHA)
Koha item type Books
Holdings
Lost status Damaged status Permanent Location Current Location Shelving location Date acquired Full call number Accession Number Koha item type
    Central Library, Trident Academy of Technology Central Library, Trident Academy of Technology General Stacks 05/24/2023 EAS 53428 Books
Trident Academy of Technology © 2023.
All rights reserved.                                                                                                                                                                                                        Designed by Team of Central Library .

Powered by Koha